| 000 | 00583nam a2200205Ia 4500 | ||
|---|---|---|---|
| 005 | 20250507130311.0 | ||
| 008 | 008 250505s9999 xx 000 0 eng d | ||
| 037 | _aSeries Article | ||
| 040 |
_aEASL _beng _cEASL |
||
| 041 |
_aeng _2eng |
||
| 084 | _qEASL | ||
| 100 | _aDorraj Manochehr | ||
| 245 | 0 | _aDragon nests: China's energy engagement of the Middle East | |
| 260 |
_aUK _bLondon Sage Publications _c2013 |
||
| 300 | _a43-67 Pp. | ||
| 650 |
_aChina; China - Middle East _9755138 |
||
| 700 | _aEnglish James | ||
| 942 | _cSRA | ||
| 999 |
_c1318861 _d1318861 |
||